| 000 | 01061nam a2200289 i 4500 | ||
|---|---|---|---|
| 003 | EG-GICUC | ||
| 005 | 20260121101340.0 | ||
| 008 | 251124s1911 it ||||fr|||| 000 0 ita d | ||
| 040 |
_aEG-GiCUC _bita _cEG-GiCUC _dEG-GiCUC _erda |
||
| 041 | 0 | _aita | |
| 082 | 0 | 4 |
_221 _a341.33 _bCO . T |
| 092 | 0 | 4 | _221 |
| 099 | _aLaw1 11 341.33 CO . T 1911 | ||
| 100 | 1 |
_aContuzzi. Francesco P. _eAuthor. |
|
| 245 | 1 | 0 |
_aTrattato Teorico-pratico Di Diritto Consolare E Diplomatico : _bNei Raffranti Coi Codici (Civile, Commerciale, Penale E Himla E Con Le Convenzioni Internazionali In Gate. _nVolume Secondo / _cFrancesco P. Contuzzi. |
| 264 | 1 |
_aTorino : _bUnione Tipografico-editrice Torinese, _c1911. |
|
| 300 |
_a1090 pages ; _c24 cm |
||
| 336 |
_2rda content _atext |
||
| 337 |
_2rda media _aComputer |
||
| 338 |
_2rda carrier _aOnline Resource |
||
| 546 | _a Text in Italian | ||
| 650 | 1 | 4 |
_aPublic international law _2qrmak |
| 651 | 1 | _2qrmak | |
| 856 | 4 | 0 | _uhttps://fll.law.cu.edu.eg/fulltext/bks/B11-06132.pdf |
| 905 |
_a5 _eHassnaa |
||
| 942 |
_2ddc _cBK _e21 _n0 |
||
| 999 |
_c45760 _d45760 |
||